00497nam a2200109Ia 4500008004100000245023400041260002900275260000900304300000600313650001300319856005500332170516s9999 xx 000 0 und d aFast Disintegrating Combination Tablet of Taste Masked Levocetrizine Dihydrochloride and Montelukast Sodium: Formulation Design, Development, and Characterization, M. M. Gupta, Niraj Gupta, Bhupendra S. Chauhan, and Shweta Pandey bJournal of Pharmaceutics c2014 a: xPharmacy uhttps://www.hindawi.com/journals/jphar/contents/2/